| 000 | 01010cam a22003257a 4500 | ||
|---|---|---|---|
| 003 | CHAP | ||
| 005 | 20220329142930.0 | ||
| 008 | 010926d2000 us r 00110 spa d | ||
| 010 | _a89788 | ||
| 011 | _a90760 | ||
| 020 | _a0-8493-9792-8 | ||
| 020 | _a1841272272 | ||
| 035 | _a101317 | ||
| 040 | _cCHAP | ||
| 082 | 0 | 4 |
_a574.82 _bM2 |
| 100 | 0 | 0 |
_aMcManus, Michael T. _eed. _973698 |
| 245 | 1 | 0 |
_aMeristematic tissues in plant growth and development _c/ed. by Michael T. Mcmanus and Bruce E. Veit |
| 260 |
_aSheffield : _bSheffield Academic Press, _c2002. |
||
| 300 |
_a301 p. : _bilus. |
||
| 590 |
_aBATCH-UPD _b10 _c20130110 _lUCH01 _h0749 |
||
| 590 |
_aCONVERSION _b10 _c20130109 _lUCH01 _h1350 |
||
| 650 | 1 | 4 |
_aCultivo de tejidos. _930213 |
| 650 | 1 | 4 |
_aMeristemos. _974998 |
| 650 | 1 | 4 |
_aPlantas _xCrecimiento. _988803 |
| 700 | 0 | 0 |
_aVeit, Bruce E. _9118339 |
| 901 | _aBK | ||
| 905 | _aAlejandra Carrasco M. | ||
| 942 | _cLIBRO | ||
| 949 |
_a574.82 M2 _bBC _cLIBRO _d33724000795340 _eLIBRO _h104991 _i101317 _si |
||
| 999 |
_c89788 _d89788 |
||